000 01297nam a2200277 a 4500
001 BRCA_2558
005 20190320203850.0
008 261108s1868----sp-a---###---#000-0dspa-u
041 _aspa
044 _asp
084 _a163
_b.M365
_c1868
100 1 _aCervantes Saavedra, Miguel de
_d1547-1616
_9213
245 1 0 _aEl Ingenioso Hidalgo Don Quijote de la Mancha
_cpor Miguel de Cervantes Saavedra.
260 _aMadrid
_bUrbano Manini
_c1868
300 _a2 v.
_bil.
_c22 cm.
500 _aContenido : v 1. Primera parte. Retrato de Cervantes. Advertencia del editor. Dedicatoria del autor. Prólogo del autor. Versos preliminares. Texto. -- v 2. Segunda parte. Dedicatoria del autor. Prólogo del autor. Reseña bibliográfica de Cervantes. Texto
500 _aEdición económica, impresa con tipos grandes y espaciados. Va adornada con láminas de Urrabieta y grabadas en madera por Manchón y Toro. Semipiel Lúdovik Osterc
500 _aQM150
650 1 4 _aNovela española
_yÉpoca clásica, 1500-1700
_9215
650 1 4 _aLiteratura española
_yÉpoca clásica, 1500-1700
_9216
650 1 4 _aNovela española
_ySiglo XVII
_9217
650 1 4 _aDon Quijote (Personaje ficticio)
_eNovela
_9218
740 0 _aEl Ingenioso Hidalgo Don Quijote de la Mancha
902 _aQFM
942 _2lcc
_cB
999 _c2298
_d2298